F1 Driver Helmets - Statistics

General Stats
  • This quiz has been taken 552 times
  • The average score is 10 of 15
Answer Stats
Picture Answer % Correct
Ayrton Senna
98%
Sebastian Vettel
95%
Michael Schumacher
94%
Fernando Alonso
93%
Jenson Button
81%
Felipe Massa
79%
Niki Lauda
72%
Jackie Stewart
67%
Carlos Sainz
62%
Rubens Barrichello
49%
Jacques Villeneuve
47%
Nelson Piquet
47%
Clay Regazzoni
41%
Kamui Kobayashi
35%
Alexander Wurz
28%
No matching quizzes found
Score Distribution
Percent of People with Each Score
Percentile by Number Answered
Your Score History
You have not taken this quiz